Textbook on Law of Contract and Specific Relief (Record no. 6685)

MARC details
005 - DATE AND TIME OF LATEST TRANSACTION
control field 20250714161248.0
020 ## - INTERNATIONAL STANDARD BOOK NUMBER
International Standard Book Number 978-81-7012-176-3
082 ## - DEWEY DECIMAL CLASSIFICATION NUMBER
Classification number 346.420 SIN
100 ## - MAIN ENTRY--PERSONAL NAME
Author name SINGH, A .
245 ## - TITLE STATEMENT
Title Textbook on Law of Contract and Specific Relief
250 ## - EDITION STATEMENT
Edition statement 5th Ed.
260 ## - PUBLICATION, DISTRIBUTION, ETC.
Place of publication, distribution, etc. Lucknow,
Name of publisher, distributor, etc. Eastern Book Company,
Date of publication, distribution, etc. 2009.
300 ## - PHYSICAL DESCRIPTION
Extent lxiv, 432p.:
Other physical details index,
Dimensions 24cm.
942 ## - ADDED ENTRY ELEMENTS (KOHA)
Source of classification or shelving scheme Dewey Decimal Classification
Koha item type Books
Holdings
Date last seen Total checkouts Full call number Barcode Cost, replacement price Price effective from Koha item type Lost status Source of classification or shelving scheme Damaged status Not for loan Withdrawn status Home library Current library Shelving location Date acquired Cost, normal purchase price
07/14/2025   346.420 SIN 00000013757 120000.00 07/14/2025 Books   Dewey Decimal Classification       College of Business Education Main Library College of Business Education Main Library General Collection 07/14/2025 40000.00